[Event "Villa Ballester op"]
[White "Sotelino, Diego Luis"]
[Black "Morales, Pedro Jorge"]
[Site "Villa Ballester"]
[Round "5"]
[Result "0-1"]
[Date "2024.08.09"]
[WhiteElo "1570"]
[BlackElo "1830"]
[PlyCount "48"]
[EventDate "2024.08.02"]
[EventType "swiss"]
[EventRounds "7"]
[EventCountry "ARG"]
[SourceTitle "EXT 2025"]
[Source "ChessBase"]
[SourceDate "2024.10.14"]
[SourceVersion "1"]
[SourceVersionDate "2024.10.14"]
[SourceQuality "1"]

1. e4 c5 2. Nf3 Nc6 3. d4 cxd4 4. Nxd4 g6 5. Be3 Nf6 6. Nc3 Bg7 7. Be2 0-0 8. Qd2 d5 9. exd5 Nxd5 10. Nxc6 bxc6 11. Rd1 Be6 12. Bd4 Qa5 13. Nxd5 Qxd5 14. Bxg7 Qxg2 15. Rf1 Kxg7 16. Qf4 Rfd8 17. Bf3 Rxd1+ 18. Bxd1 Bh3 19. Be2 Qd5 20. Bc4 e5 21. Bxd5 exf4 22. Bxc6 Rc8 23. Be4 Re8 24. Kd2 Bxf1 0-1

[Event "Villa Ballester op 73rd"]
[White "Sotelino, Diego Luis"]
[Black "Vercesi, Juan Pablo"]
[Site "Buenos Aires"]
[Round "5"]
[Result "1-0"]
[Date "2024.01.23"]
[WhiteElo "1258"]
[BlackElo "1064"]
[PlyCount "93"]
[EventDate "2024.01.19"]
[EventType "swiss"]
[EventRounds "9"]
[EventCountry "ARG"]
[SourceTitle "CBM 218 Extra"]
[Source "ChessBase"]
[SourceDate "2024.03.31"]
[SourceVersion "1"]
[SourceVersionDate "2024.03.31"]
[SourceQuality "1"]

1. e4 c6 2. d4 d5 3. Nc3 dxe4 4. Nxe4 Bf5 5. Ng3 Bg6 6. Nf3 Nd7 7. Bd3 Ngf6 8. 0-0 e6 9. Bg5 Be7 10. c3 Bxd3 11. Qxd3 h6 12. Bxf6 Nxf6 13. b4 0-0 14. Rad1 a5 15. a3 axb4 16. axb4 Nd5 17. Ra1 Qc7 18. Ne5 Bd6 19. Nc4 Bf4 20. Ne3 Rfe8 21. Nxd5 exd5 22. Kh1 Rxa1 23. Rxa1 Qd6 24. Nf5 Qe6 25. g3 Bg5 26. h4 g6 27. hxg5 gxf5 28. gxh6 Qxh6+ 29. Kg2 Qe6 30. Ra7 Qe4+ 31. Qxe4 fxe4 32. Rxb7 e3 33. Kf1 Re6 34. Ke2 exf2+ 35. Kxf2 Rf6+ 36. Kg2 Kg7 37. b5 cxb5 38. Rxb5 Rd6 39. g4 Kg6 40. Kf3 Kg5 41. c4 Rf6+ 42. Kg3 Rd6 43. Rxd5+ Rxd5 44. cxd5 Kf6 45. Kf4 Ke7 46. Ke5 f6+ 47. Kf5 1-0

[Event "Villa Ballester op 73rd"]
[White "Sotelino, Diego Luis"]
[Black "Magioncalda, Jorge"]
[Site "Buenos Aires"]
[Round "2"]
[Result "1/2-1/2"]
[Date "2024.01.20"]
[WhiteElo "1258"]
[BlackElo "1750"]
[PlyCount "76"]
[EventDate "2024.01.19"]
[EventType "swiss"]
[EventRounds "9"]
[EventCountry "ARG"]
[SourceTitle "CBM 218 Extra"]
[Source "ChessBase"]
[SourceDate "2024.03.31"]
[SourceVersion "1"]
[SourceVersionDate "2024.03.31"]
[SourceQuality "1"]

1. e4 e6 2. d4 d5 3. exd5 exd5 4. Nc3 c6 5. Nf3 Be7 6. Be3 Bf5 7. Bd3 Bxd3 8. Qxd3 Nf6 9. h3 0-0 10. g4 Re8 11. 0-0-0 Na6 12. Ne5 Bf8 13. Qf5 Qc8 14. Qf3 Qe6 15. g5 Ne4 16. Nxe4 dxe4 17. Qg2 Qxa2 18. Qxe4 Qa1+ 19. Kd2 Bb4+ 20. Ke2 Qxb2 21. Qf5 Qa2 22. Rc1 Qe6 23. Qf3 Bd6 24. Ng4 Qc4+ 25. Kd2 Qe6 26. Nf6+ gxf6 27. gxf6 Kh8 28. Bh6 Bf8 29. Be3 Rad8 30. Rhg1 Qe4 31. Qg3 Rxd4+ 32. Ke2 Bh6 33. Kf1 Qg6 34. Qf3 Qe4 35. Qxe4 Rdxe4 36. Bxh6 Nc7 37. Bg7+ Kg8 38. Bh6+ Kh8 1/2-1/2